| 000 | 00506nam a2200181 i 4500 | ||
|---|---|---|---|
| 001 | 40598 | ||
| 003 | ES-MaACL | ||
| 005 | 20230906160251.0 | ||
| 007 | t| | ||
| 008 | 030306s1944 sp f |||| | spa d | ||
| 100 | 1 |
_aCarreras Soto, Timoteo. _935682 |
|
| 245 | 1 | 0 |
_aCaligrafía industrial / _cTimoteo Carreras Soto. |
| 250 | _a1ª ed. | ||
| 260 |
_a[Sevilla : _bs.n.], _c1944 ( _fGráf. del Sur) |
||
| 300 |
_a26 p., 14 lám. ; _c25 cm. |
||
| 650 | 4 |
_aRotulación. _9165642 |
|
| 852 |
_aES-MaACL _j1599-F-21 |
||
| 999 |
_c40598 _d40598 |
||